UITU Library & LRC     

An Introduction to Electric Traction (Record no. 13930)

MARC details
000 -LEADER
fixed length control field 00495nam a2200181Ia 4500
008 - FIXED-LENGTH DATA ELEMENTS--GENERAL INFORMATION
fixed length control field 240925s9999 xx 000 0 und d
020 ## - INTERNATIONAL STANDARD BOOK NUMBER
International Standard Book Number 9789350144497
082 ## - DEWEY DECIMAL CLASSIFICATION NUMBER
Classification number 621.33 MAL
100 ## - MAIN ENTRY--PERSONAL NAME
Personal name Mallick, Sachidananda ; Nazar, Rupali G.
245 #3 - TITLE STATEMENT
Title An Introduction to Electric Traction
250 ## - EDITION STATEMENT
Edition statement NA
260 ## - PUBLICATION, DISTRIBUTION, ETC.
Place of publication, distribution, etc. New Delhi:
Name of publisher, distributor, etc. S. K. Kataria
Date of publication, distribution, etc. ,2016.
300 ## - PHYSICAL DESCRIPTION
Extent 961p.
Other physical details 4
Type of unit Original
500 ## - GENERAL NOTE
General note Includes Index
600 ## - SUBJECT ADDED ENTRY--PERSONAL NAME
Personal name Engineering Technology
650 ## - SUBJECT ADDED ENTRY--TOPICAL TERM
Topical term or geographic name entry element Technology
942 ## - ADDED ENTRY ELEMENTS (KOHA)
Koha item type Books
Holdings
Withdrawn status Lost status Damaged status Not for loan Collection Home library Current library Date acquired Source of acquisition Cost, normal purchase price Total checkouts Full call number Barcode Date last seen Price effective from Koha item type
        Engineering Technology UITU Library UITU Library 09/28/2017 Paramount Book Pvt Ltd 1188.81   621.33 MAL Q11431 09/25/2024 09/25/2024 Books

Powered by Koha